| 000 | 00742cam a2200241 a 4500 | ||
|---|---|---|---|
| 001 | 125264 | ||
| 005 | 20230410103836.0 | ||
| 008 | 000314s1989 nju b 000 0 eng | ||
| 020 | _a0131696815 | ||
| 041 | _aeng | ||
| 049 | _aGRAL | ||
| 050 | 1 | 4 |
_a408 DS 779.26 _bW246c 1989 |
| 082 | 0 | 0 |
_a951.05 _221 |
| 100 | 1 | _aWang, James C. F. | |
| 245 | 1 | 0 |
_aContemporary Chinese politics : _ban introduction / _cJames C.F. Wang. |
| 250 | _a3rd ed. | ||
| 260 |
_aNew Jersey. : _bPrentice Hall, _c1989. |
||
| 300 |
_axvi, 428 p. : _bill., map ; _c23 cm. |
||
| 504 | _aIncludes bibliographical references and index. | ||
| 651 | 0 |
_aChina _xPolitics and government _y1976-2002. |
|
| 651 | 4 |
_aChina _xPolĂtica y gobierno _y1976-2002. |
|
| 942 |
_2lcc _cbk |
||
| 999 |
_c26906 _d26906 |
||